| 000 | 00613nam a22001817a 4500 | ||
|---|---|---|---|
| 008 | 160727b xxu||||| |||| 00| 0 eng d | ||
| 020 | _a9780749451486 | ||
| 082 |
_22008 _aDC 614.852 _bSt8h |
||
| 100 |
_911992 _aStranks, Jeremy |
||
| 245 |
_aHealth & safety at work: _ban essential guide for managers/ _cJeremy Stranks. |
||
| 250 | _aRevised 8th edition | ||
| 260 |
_aLondon: _bKogan Page Limited, _cc2008. |
||
| 300 |
_axii, 340 pages; _c23 cm. |
||
| 500 | _aIncludes bibliographical references and index. | ||
| 650 | 0 |
_911996 _aIndustrial management _zGreat Britain |
|
| 365 |
_aPhp _b3824.00 |
||
| 942 |
_2ddc _cDC |
||
| 999 |
_c3605 _d3605 |
||